Légi árufuvarozás biztonsági követelményrendszere

Bibliographic Details
Main Author: Hanyecz Erik
Other Authors: Csekő Dr. Katalin
Format: Thesis
Kulcsszavak:Légi biztonság
Légi árufuvarozás
Légiközlekedés
Európai Rendeletek
Online Access:http://dolgozattar.uni-bge.hu/3817

MARC

LEADER 00000nta a2200000 i 4500
001 dolg3817
005 20160614152112.0
008 151207suuuu hu om 000 hun d
040 |a BGE Dolgozattár Repozitórium  |b hun 
041 |a hu 
100 1 |a Hanyecz Erik 
245 1 0 |a Légi árufuvarozás biztonsági követelményrendszere  |c Hanyecz Erik  |h [elektronikus dokumentum] 
695 |a Légi biztonság 
695 |a Légi árufuvarozás 
695 |a Légiközlekedés 
695 |a Európai Rendeletek 
700 1 |a Csekő Dr. Katalin  |e ths 
856 4 0 |u http://dolgozattar.uni-bge.hu/3817/1/HanyeczErikSZAKDOLGOZAT.pdf  |z Dokumentum-elérés